Effect of hill spaces on rice varieties,(ឥទ្ធិពលនៃចន្លោះគុម្ពសន្ទូងទៅលើពូជស្រូវផ្សេងៗ) (Record no. 1129)
[ view plain ]
| 000 -LEADER | |
|---|---|
| fixed length control field | 00536nam a22001577a 4500 |
| 003 - CONTROL NUMBER IDENTIFIER | |
| control field | OSt |
| 005 - DATE AND TIME OF LATEST TRANSACTION | |
| control field | 20150923140757.0 |
| 008 - FIXED-LENGTH DATA ELEMENTS--GENERAL INFORMATION | |
| fixed length control field | 150923b xxu||||| |||| 00| 0 eng d |
| 040 ## - CATALOGING SOURCE | |
| Transcribing agency | RUA |
| 082 ## - DEWEY DECIMAL CLASSIFICATION NUMBER | |
| Classification number | AGR BIN 2007 B048 Or.1 |
| 100 ## - MAIN ENTRY--PERSONAL NAME | |
| 9 (RLIN) | 1185 |
| Personal name | BIN AMRIN |
| 245 ## - TITLE STATEMENT | |
| Title | Effect of hill spaces on rice varieties,(ឥទ្ធិពលនៃចន្លោះគុម្ពសន្ទូងទៅលើពូជស្រូវផ្សេងៗ) |
| 260 ## - PUBLICATION, DISTRIBUTION, ETC. (IMPRINT) | |
| Place of publication, distribution, etc. | phnom penh |
| Name of publisher, distributor, etc. | RUA |
| Date of publication, distribution, etc. | 2007 |
| 300 ## - PHYSICAL DESCRIPTION | |
| Extent | xi, 50p. |
| Dimensions | ill. |
| Size of unit | 29cm. |
| 942 ## - ADDED ENTRY ELEMENTS (KOHA) | |
| Source of classification or shelving scheme | |
| Koha item type | AGR |
| Price effective from | Date last seen | Permanent Location | Not for loan | Date acquired | Source of classification or shelving scheme | Koha item type | Barcode | Lost status | Damaged status | Shelving location | Withdrawn status | Current Location | Full call number |
|---|---|---|---|---|---|---|---|---|---|---|---|---|---|
| 2015-09-23 | 2015-09-23 | Library Block B | 2015-09-23 | AGR | RUA002157 | B048 | Library Block B | AGR BIN 2007 B048 Or.1 | |||||
| 2015-09-23 | 2015-09-23 | Library Block B | 2015-09-23 | AGR | RUA002085 | B048 | Library Block B | AGR BIN 2007 B048 Or.2 | |||||
| 2015-09-23 | 2015-09-23 | Library Block B | 2015-09-23 | AGR | RUA002447 | B048 | Library Block B | AGR BIN 2007 B048 Or.3 | |||||
| 2015-09-23 | 2015-09-23 | Library Block B | 2015-09-23 | AGR | RUA002016 | B048 | Library Block B | AGR BIN 2007 B048 Or.4 | |||||
| 2018-12-21 | 2018-12-21 | Library Block B | 2018-12-21 | AGR | A41537 | B1.194 | Library Block B | AGR BIN 2007 B1.194 Or.1 | |||||
| 2019-01-21 | 2019-01-21 | Library Block B | 2019-01-21 | AGR | A41870 | B1.210 | Library Block B | AGR BIN 2007 B1.210 Or.1 |